|
|
|
|
| LEADER |
00838nam a2200217 u 4500 |
| 001 |
10041885 |
| 003 |
GR-PaULI |
| 005 |
20221007115111.0 |
| 008 |
011126s2009 gr p gre |
| 952 |
|
|
|0 0
|1 0
|2 ddc
|4 0
|6 889_140000000000000_ΜΑΡ
|7 0
|9 365026
|a LISP
|b LISP
|c DON
|d 2022-10-07
|e ΠΑΤ
|i 148611
|l 0
|o 889.14 ΜΑΡ
|p 025000296670
|r 2022-10-07 00:00:00
|t 1
|w 2022-10-07
|y BKN
|
| 999 |
|
|
|c 213379
|d 213379
|
| 020 |
|
|
|a 960336116Χ
|q
|
| 040 |
|
|
|a GR-PaULI
|c GR-PaULI
|b gre
|e AACR2
|
| 082 |
0 |
4 |
|a 889.14
|2 23
|
| 100 |
1 |
|
|a Μαρκάκης, Γιάννης
|e συγγραφέας.
|9 194236
|
| 245 |
1 |
0 |
|a Συνδρομητής εικόνων /
|b
|c Γιάννης Μαρκάκης.
|
| 260 |
|
|
|a Αθήνα :
|b Γαβριηλίδης,
|c 2005.
|
| 300 |
|
|
|a 74 σ. ;
|b
|c 25 εκ.
|
| 655 |
|
4 |
|a Ποίηση
|
| 942 |
|
|
|2 ddc
|c BKN
|
| 998 |
|
|
|c ΜΠΟΥΡΑΣ
|d 2022-10
|